[Event "España tch División de Honor 2013"]
[Site "Linares ESP"]
[Date "2013.09.12"]
[Round "5.36"]
[White "De la Villa Garcia, Jesus Maria"]
[Black "Argandoña Riveiro, Iñigo"]
[Result "1/2-1/2"]
[WhiteElo "2477"]
[BlackElo "2386"]
[PlyCount "169"]
[EventDate "2013.09.08"]
[EventType "team-tourn"]
[EventRounds "7"]
[EventCountry "ESP"]
[Source "lmi"]
[SourceDate "2013.09.08"]

1. e4 d5 2. exd5 Qxd5 3. Nc3 Qa5 4. Bc4 Nf6 5. d3 Bg4 6. f3 Bd7 7. Bd2 Qb6 8.
a4 Nc6 9. Nb5 a5 10. c3 Ne5 11. Bf4 Bxb5 12. Bxb5+ Ned7 13. Qe2 Nd5 14. Nh3 c6
15. Bc4 e6 16. d4 Be7 17. O-O O-O 18. Kh1 N7f6 19. Rae1 Rae8 20. Bc1 Qc7 21. f4
Bd6 22. Qf3 Rb8 23. Ng5 b5 24. Bb3 bxa4 25. Bxa4 c5 26. dxc5 Qxc5 27. f5 exf5
28. Qxf5 Qc7 29. Rd1 Qc4 30. Bc2 g6 31. Qf3 Be5 32. Qh3 Nf4 33. Bxf4 Bxf4 34.
Qh4 Nh5 35. Nxh7 Kxh7 36. Qxh5+ Kg7 37. Qg4 g5 38. Bd3 Qc7 39. g3 Qc6+ 40. Qf3
Qxf3+ 41. Rxf3 Be5 42. Rd2 Rfd8 43. Kg2 Rd6 44. Re2 f6 45. Bc4 Rdb6 46. b3 Rc8
47. Ra2 Rc5 48. Kh3 Rd6 49. Kg4 Rd1 50. Kh5 Rd8 51. Kg4 Rd1 52. Re3 Rc1 53. Rd2
Rc7 54. Red3 Kg6 55. Rf3 Bxc3 56. Rd8 Ba1 57. Be6 Rb7 58. Bf5+ Kg7 59. Rfd3
Rcc7 60. Ra8 Ra7 61. Rdd8 Rxa8 62. Rxa8 Bc3 63. Kh5 Re7 64. Bd3 Bb4 65. Bc4 Bc3
66. Rg8+ Kh7 67. Rc8 Kg7 68. Bd5 Be5 69. Rg8+ Kh7 70. Ra8 Bc3 71. Bc4 Rc7 72.
Be6 Re7 73. Bf5+ Kg7 74. Bd3 Rd7 75. Bc4 Re7 76. Rd8 Be5 77. Rd5 Ra7 78. Bb5
Rb7 79. Kg4 Re7 80. Bd7 Bc3 81. Rd3 Bb4 82. Kh5 Re2 83. h3 Rd2 84. h4 gxh4 85.
gxh4 1/2-1/2

[Event "España tch División de Honor 2013"]
[Site "Linares ESP"]
[Date "2013.09.12"]
[Round "5.41"]
[White "Sargissian, Gabriel"]
[Black "Anton Guijarro, David"]
[Result "1/2-1/2"]
[WhiteElo "2671"]
[BlackElo "2574"]
[PlyCount "129"]
[EventDate "2013.09.08"]
[EventType "team-tourn"]
[EventRounds "7"]
[EventCountry "ESP"]
[Source "lmi"]
[SourceDate "2013.09.08"]

1. d4 g6 2. Nf3 Bg7 3. c4 f5 4. Nc3 Nf6 5. g3 O-O 6. Bg2 d6 7. O-O c6 8. Rb1 a5
9. d5 e5 10. dxe6 Bxe6 11. b3 Na6 12. Bf4 Nh5 13. Bg5 Qc7 14. Qd2 Nc5 15. Bh6
Rad8 16. Bxg7 Qxg7 17. Qd4 Nf6 18. Rfd1 Rfe8 19. a3 h6 20. Nd2 Bc8 21. b4 axb4
22. axb4 Ne6 23. Qd3 Ng4 24. e3 h5 25. Nf3 g5 26. Na4 f4 27. exf4 gxf4 28. Qc3
Ne5 29. Rbc1 fxg3 30. hxg3 Rf8 31. Nxe5 dxe5 32. Rxd8 Rxd8 33. Re1 Nd4 34. Nc5
Bg4 35. Kh1 Rf8 36. Nd3 Be2 37. Qd2 Bxd3 38. Qxd3 Rxf2 39. Qe3 Rf5 40. Ra1 Rf8
41. Be4 Qg4 42. Kh2 h4 43. Ra2 Nf5 44. Bxf5 Rxf5 45. Qd3 hxg3+ 46. Qxg3 Rh5+
47. Kg2 Rg5 48. Qxg4 Rxg4+ 49. Kf3 Rxc4 50. b5 cxb5 51. Ra7 b4 52. Rxb7 Kf8 53.
Ke3 e4 54. Rh7 Ke8 55. Rh4 Rc3+ 56. Ke2 Rc4 57. Ke3 b3 58. Rh8+ Kd7 59. Rb8
Rc3+ 60. Kxe4 Kc7 61. Kd4 Rh3 62. Rb5 Kc6 63. Rb8 Kc7 64. Rb5 Kc6 65. Rb8
1/2-1/2

[Event "España tch División de Honor 2013"]
[Site "Linares ESP"]
[Date "2013.09.12"]
[Round "5.42"]
[White "Almagro Llamas, Pablo"]
[Black "Svetushkin, Dmitry"]
[Result "0-1"]
[WhiteElo "2477"]
[BlackElo "2614"]
[PlyCount "88"]
[EventDate "2013.09.08"]
[EventType "team-tourn"]
[EventRounds "7"]
[EventCountry "ESP"]
[Source "lmi"]
[SourceDate "2013.09.08"]

1. e4 e5 2. Nf3 Nc6 3. Bb5 a6 4. Ba4 Nf6 5. O-O Be7 6. Bxc6 dxc6 7. Qe1 c5 8.
d3 Bd6 9. b3 Nd7 10. Bb2 O-O 11. Nbd2 b5 12. Qe3 Re8 13. Rfe1 Nf8 14. Nf1 Ne6
15. c3 Qf6 16. Ng3 Nf4 17. d4 c4 18. bxc4 bxc4 19. Nd2 Nd3 20. Nxc4 Nxe1 21.
Rxe1 Be6 22. Nxd6 cxd6 23. d5 Bd7 24. c4 Rec8 25. Rc1 Rc7 26. Nf1 Rac8 27. Nd2
h5 28. Rc3 Rb7 29. Ba3 a5 30. h3 a4 31. Qe2 h4 32. Qh5 Rcb8 33. Rf3 Qe7 34. c5
dxc5 35. Bxc5 Bg4 36. hxg4 Qxc5 37. Nf1 Qc1 38. g5 a3 39. Qxh4 Rb1 40. Rh3
Qxf1+ 41. Kh2 Qg1+ 42. Kg3 R1b3+ 43. axb3 Rxb3+ 44. f3 Qe1+ 0-1

[Event "España tch División de Honor 2013"]
[Site "Linares ESP"]
[Date "2013.09.12"]
[Round "5.43"]
[White "Perez Candelario, Manuel"]
[Black "Rubio Mejia, Luis Ignacio"]
[Result "0-1"]
[WhiteElo "2569"]
[BlackElo "2445"]
[PlyCount "130"]
[EventDate "2013.09.08"]
[EventType "team-tourn"]
[EventRounds "7"]
[EventCountry "ESP"]
[Source "lmi"]
[SourceDate "2013.09.08"]

1. e4 c5 2. Nf3 e6 3. g3 Nc6 4. Bg2 Nf6 5. Qe2 d6 6. O-O Be7 7. c3 O-O 8. d4
cxd4 9. cxd4 d5 10. e5 Ne4 11. Nbd2 Nxd2 12. Bxd2 Qb6 13. Bc3 Bd7 14. Qd2 a5
15. a3 a4 16. Rac1 Na5 17. Bxa5 Rxa5 18. Rc2 Raa8 19. Rfc1 Rfc8 20. Bf1 Rc6 21.
Bd3 Rac8 22. h4 Be8 23. Kg2 Rxc2 24. Rxc2 Rc6 25. Rc1 Rxc1 26. Qxc1 Qc6 27. Qd2
h5 28. Ne1 Qb6 29. Be2 g6 30. Qc3 Kg7 31. Nc2 Qc6 32. Qd2 Qb6 33. Ne3 Bb5 34.
Bd1 Qd8 35. Bc2 Be8 36. Qc3 Qd7 37. Nd1 Bd8 38. Kf3 Be7 39. Ke3 f6 40. exf6+
Bxf6 41. f4 Qb5 42. Nf2 Qf1 43. Kf3 Bc6 44. Qe3 Bd7 45. Bd1 Bb5 46. Bc2 Kf7 47.
Qd2 Kg7 48. Qe3 Bd7 49. Bd1 Qc4 50. Be2 Qxd4 51. Qxd4 Bxd4 52. Nd1 e5 53. Kg2
e4 54. Nc3 Bc6 55. Kf1 Bf6 56. Bd1 b5 57. Bc2 Kf7 58. Bb1 Ke6 59. Ba2 Kd6 60.
Ke2 b4 61. Nd1 b3 62. Bb1 d4 63. Kd2 Kd5 64. Kc1 Bd7 65. Nf2 Bf5 0-1

[Event "España tch División de Honor 2013"]
[Site "Linares ESP"]
[Date "2013.09.12"]
[Round "5.44"]
[White "Martinez Martin, David"]
[Black "Antipov, Mikhail Al"]
[Result "1/2-1/2"]
[WhiteElo "2386"]
[BlackElo "2515"]
[PlyCount "85"]
[EventDate "2013.09.08"]
[EventType "team-tourn"]
[EventRounds "7"]
[EventCountry "ESP"]
[Source "lmi"]
[SourceDate "2013.09.08"]

1. c4 Nf6 2. Nf3 c5 3. g3 b6 4. Bg2 Bb7 5. O-O e6 6. Nc3 d6 7. Re1 a6 8. e4 Be7
9. d4 cxd4 10. Nxd4 Qc7 11. Bf4 O-O 12. Rc1 Nbd7 13. g4 Ne5 14. g5 Nfd7 15. Bg3
Qd8 16. Qe2 Rc8 17. f4 Nxc4 18. Nd5 b5 19. Nxe7+ Qxe7 20. b3 Ncb6 21. h4 g6 22.
Rxc8 Rxc8 23. f5 e5 24. f6 Qf8 25. Nc2 h5 26. Ne3 Nc5 27. Nd5 Nxd5 28. exd5 Rc7
29. Rc1 Ne6 30. Rxc7 Nxc7 31. Qd3 Qa8 32. Be4 Bxd5 33. Bxg6 Bh1 34. Qc2 Qf3 35.
Kh2 e4 36. Bxd6 fxg6 37. Bxc7 Qd3 38. Qxd3 exd3 39. Ba5 d2 40. Bxd2 Be4 41. Kg3
Bb1 42. a3 b4 43. Bxb4 1/2-1/2

[Event "España tch División de Honor 2013"]
[Site "Linares ESP"]
[Date "2013.09.12"]
[Round "5.45"]
[White "Santos Latasa, Jaime"]
[Black "Fernandez Barrera, Victor"]
[Result "1/2-1/2"]
[WhiteElo "2452"]
[BlackElo "2326"]
[PlyCount "77"]
[EventDate "2013.09.08"]
[EventType "team-tourn"]
[EventRounds "7"]
[EventCountry "ESP"]
[Source "lmi"]
[SourceDate "2013.09.08"]

1. Nf3 c5 2. c4 Nc6 3. Nc3 g6 4. e3 Bg7 5. d4 d6 6. d5 Ne5 7. Nxe5 Bxe5 8. Bd3
e6 9. O-O Ne7 10. e4 exd5 11. cxd5 O-O 12. Bh6 Re8 13. Qd2 f5 14. Bf4 Bxf4 15.
Qxf4 fxe4 16. Nxe4 Nf5 17. Rfe1 Rf8 18. Rad1 b5 19. Bb1 b4 20. Bd3 a5 21. Ng5
Ra7 22. Bc4 Re7 23. h3 Ne3 24. fxe3 Rxf4 25. exf4 Qf8 26. g3 Qf6 27. b3 Bf5 28.
h4 Bg4 29. Rc1 Qd4+ 30. Kf1 Qd2 31. Rxe7 Qxc1+ 32. Re1 Qc3 33. Bb5 Qxg3 34.
Re8+ Kg7 35. Re7+ Kf8 36. Re8+ Kg7 37. Re7+ Kf8 38. Re8+ Kg7 39. Re7+ 1/2-1/2

[Event "España tch División de Honor 2013"]
[Site "Linares ESP"]
[Date "2013.09.12"]
[Round "5.46"]
[White "Rudolf, Anna"]
[Black "Moreno Tejera, Emilio"]
[Result "1/2-1/2"]
[WhiteElo "2308"]
[BlackElo "2394"]
[PlyCount "79"]
[EventDate "2013.09.08"]
[EventType "team-tourn"]
[EventRounds "7"]
[EventCountry "ESP"]
[Source "lmi"]
[SourceDate "2013.09.08"]

1. e4 c5 2. Nf3 e6 3. d4 cxd4 4. Nxd4 Nf6 5. Nc3 d6 6. f4 Nc6 7. Be3 Be7 8. Qf3
e5 9. Nde2 exf4 10. Nxf4 Ng4 11. O-O-O O-O 12. Kb1 Nce5 13. Qe2 Nxe3 14. Qxe3
a6 15. Ncd5 Bg5 16. g3 Bg4 17. Be2 Re8 18. h4 Bh6 19. Bxg4 Nxg4 20. Qf3 Nf6 21.
Rhe1 Bxf4 22. Qxf4 Nxd5 23. Rxd5 Re6 24. Red1 Qe8 25. Rxd6 Rxe4 26. Qd2 Qb5 27.
Rd5 Qc6 28. Rd6 Qb5 29. a3 Rae8 30. Rd8 h6 31. Rxe8+ Rxe8 32. Qd7 Qe2 33. Rd2
Qf1+ 34. Rd1 Re1 35. Rxe1 Qxe1+ 36. Ka2 Qe4 37. Qc8+ Kh7 38. c4 h5 39. Qc5 g6
40. Qc7 1/2-1/2

[Event "España tch División de Honor 2013"]
[Site "Linares ESP"]
[Date "2013.09.13"]
[Round "6.11"]
[White "Spraggett, Kevin"]
[Black "Anton Guijarro, David"]
[Result "1/2-1/2"]
[WhiteElo "2568"]
[BlackElo "2574"]
[PlyCount "173"]
[EventDate "2013.09.08"]
[EventType "team-tourn"]
[EventRounds "7"]
[EventCountry "ESP"]
[Source "lmi"]
[SourceDate "2013.09.08"]

1. c4 e5 2. Nc3 Nc6 3. g3 Bc5 4. Bg2 a6 5. Nf3 d6 6. O-O Nf6 7. e3 Ba7 8. h3
O-O 9. d4 h6 10. b3 Re8 11. dxe5 dxe5 12. Ba3 e4 13. Qxd8 Rxd8 14. Nh2 Bf5 15.
g4 Bh7 16. Rfd1 Bb6 17. Nf1 Ba5 18. Bb2 Nb4 19. Ne2 Nd7 20. Bc3 Nc5 21. Rxd8+
Rxd8 22. Bxb4 Bxb4 23. a3 Bd2 24. b4 Nb3 25. Rb1 Rd3 26. Nfg3 Bxe3 27. fxe3 Nd2
28. Rc1 Rxe3 29. a4 Rb3 30. b5 Kf8 31. Kf2 Rb4 32. Rd1 Nxc4 33. Nxe4 axb5 34.
axb5 Bxe4 35. Bxe4 Nd6 36. Bf3 Rxb5 37. Rc1 c6 38. Ra1 Ke7 39. Nd4 Rb4 40. Re1+
Kf6 41. Ne2 Ne4+ 42. Bxe4 Rxe4 43. Rb1 Re7 44. Ng3 g6 45. Kf3 Ke5 46. h4 b5 47.
h5 Rb7 48. Re1+ Kf6 49. Ne4+ Kg7 50. Nd6 Rb8 51. Re7 gxh5 52. gxh5 Kf6 53. Rc7
b4 54. Rxc6 b3 55. Nb7+ Kg5 56. Rb6 Kxh5 57. Kf4 Rg8 58. Rxb3 Kg6 59. Nd6 Ra8
60. Ne4 Ra6 61. Rg3+ Kh7 62. Ke5 Re6+ 63. Kf5 Rg6 64. Ra3 Kg7 65. Kf4 Rb6 66.
Ra4 Kg6 67. Ra8 Kg7 68. Rd8 Ra6 69. Rd7 Kg6 70. Rd4 Rb6 71. Nd6 Rb1 72. Ke5
Re1+ 73. Kd5 h5 74. Rd2 Rg1 75. Nc4 f6 76. Ne3 Rg5+ 77. Ke4 Ra5 78. Rg2+ Rg5
79. Ra2 Rb5 80. Nd5 h4 81. Rg2+ Kh6 82. Nxf6 h3 83. Ng8+ Kh7 84. Rg3 Rb6 85.
Kf5 h2 86. Rh3+ Kxg8 87. Rxh2 1/2-1/2

[Event "España tch División de Honor 2013"]
[Site "Linares ESP"]
[Date "2013.09.13"]
[Round "6.13"]
[White "Cruz, Cristhian"]
[Black "Rubio Mejia, Luis Ignacio"]
[Result "1-0"]
[WhiteElo "2529"]
[BlackElo "2445"]
[PlyCount "135"]
[EventDate "2013.09.08"]
[EventType "team-tourn"]
[EventRounds "7"]
[EventCountry "ESP"]
[Source "lmi"]
[SourceDate "2013.09.08"]

1. d4 Nf6 2. c4 e6 3. Nc3 Bb4 4. e3 O-O 5. Bd3 d5 6. Nf3 c5 7. O-O Nc6 8. a3
Bxc3 9. bxc3 Qc7 10. h3 Re8 11. Bb2 Na5 12. cxd5 exd5 13. Nd2 Be6 14. Rc1 b5
15. a4 Nc4 16. Nxc4 bxc4 17. Bc2 cxd4 18. Qxd4 Qd7 19. Qf4 Ne4 20. Ba3 a5 21.
Rfd1 Qc6 22. Rd4 Nc5 23. Bxc5 Qxc5 24. Rb1 Qa3 25. Rb7 g6 26. Bd1 Qc5 27. Bf3
Rad8 28. h4 Re7 29. Rb5 Qd6 30. Qxd6 Rxd6 31. Bxd5 Bxd5 32. Rdxd5 Rxd5 33. Rxd5
Rb7 34. Rc5 Rb2 35. Rxc4 Ra2 36. g4 Kg7 37. Kg2 h6 38. g5 hxg5 39. hxg5 Kf8 40.
Kg3 Ke7 41. f3 Ke6 42. e4 Ra3 43. Kf4 Ra1 44. Ke3 Kd6 45. Rd4+ Ke6 46. f4 Ra3
47. Rc4 Ra1 48. Kd4 Rf1 49. Rc6+ Kd7 50. Rf6 Ke7 51. Kc5 Rb1 52. e5 Rb3 53. c4
Rb4 54. Kd5 Rxa4 55. e6 fxe6+ 56. Rxe6+ Kf7 57. Rf6+ Kg7 58. c5 Ra1 59. Ra6
Rd1+ 60. Ke6 Re1+ 61. Kd7 Rd1+ 62. Rd6 Rxd6+ 63. cxd6 a4 64. Ke7 a3 65. d7 a2
66. d8=Q a1=Q 67. Qf8+ Kh7 68. Qh6+ 1-0

[Event "España tch División de Honor 2013"]
[Site "Linares ESP"]
[Date "2013.09.13"]
[Round "6.14"]
[White "Martinez Martin, David"]
[Black "Libiszewski, Fabien"]
[Result "1/2-1/2"]
[WhiteElo "2386"]
[BlackElo "2520"]
[PlyCount "112"]
[EventDate "2013.09.08"]
[EventType "team-tourn"]
[EventRounds "7"]
[EventCountry "ESP"]
[Source "lmi"]
[SourceDate "2013.09.08"]

1. d4 d6 2. Nf3 g6 3. g3 Bg7 4. Bg2 Nd7 5. c4 e5 6. Nc3 Ne7 7. O-O O-O 8. e4
exd4 9. Nxd4 Nc6 10. Nxc6 bxc6 11. Qc2 Ne5 12. b3 Qf6 13. Bb2 Nf3+ 14. Bxf3
Qxf3 15. Qd1 Bg4 16. Re1 g5 17. h3 Qxd1 18. Nxd1 Bxh3 19. Bxg7 Kxg7 20. Ne3 Be6
21. Kg2 a5 22. f4 f6 23. c5 a4 24. Rac1 axb3 25. axb3 Ra2+ 26. Kh1 d5 27. exd5
Bxd5+ 28. Nxd5 cxd5 29. fxg5 fxg5 30. Re5 Kg6 31. Rxd5 Rff2 32. Rd3 Kf5 33. Kg1
Rg2+ 34. Kf1 Kg4 35. Rcc3 Raf2+ 36. Ke1 Kh3 37. g4+ Kxg4 38. c6 Rh2 39. Rd4+
Kf5 40. Rh3 Re2+ 41. Kf1 Rxh3 42. Kxe2 Rxb3 43. Rd7 h5 44. Rxc7 Rc3 45. Rc8 h4
46. c7 Kg4 47. Kf2 Rc2+ 48. Kf1 h3 49. Ra8 h2 50. c8=Q+ Rxc8 51. Ra4+ Kf5 52.
Kg2 Rh8 53. Kh1 Rh3 54. Ra5+ Kg4 55. Ra4+ Kh5 56. Ra8 Kg4 1/2-1/2

[Event "España tch División de Honor 2013"]
[Site "Linares ESP"]
[Date "2013.09.13"]
[Round "6.15"]
[White "Gual Pascual, Antonio"]
[Black "Fernandez Barrera, Victor"]
[Result "1-0"]
[WhiteElo "2468"]
[BlackElo "2326"]
[PlyCount "93"]
[EventDate "2013.09.08"]
[EventType "team-tourn"]
[EventRounds "7"]
[EventCountry "ESP"]
[Source "lmi"]
[SourceDate "2013.09.08"]

1. d4 Nf6 2. c4 g6 3. Nc3 d5 4. Nf3 Bg7 5. Bf4 O-O 6. Rc1 c6 7. e3 Bf5 8. Qb3
Qb6 9. c5 Qxb3 10. axb3 Nbd7 11. b4 Nh5 12. b5 f6 13. Bc7 Rac8 14. bxc6 bxc6
15. Ba5 Bh6 16. h3 Ng7 17. Ba6 Rce8 18. g4 Nb8 19. Be2 Be4 20. Nxe4 dxe4 21.
Nd2 f5 22. Rg1 Bg5 23. gxf5 Bh4 24. Nxe4 Nxf5 25. Bc4+ Kh8 26. Ke2 Nd7 27. Be6
Nf6 28. Bxf5 gxf5 29. Nxf6 Bxf6 30. f4 e6 31. Bc3 Rb8 32. Ra1 Rb7 33. Ra6 Rc8
34. Kd3 Rcc7 35. d5 Bxc3 36. d6 Rg7 37. Rxg7 Bxg7 38. Rxc6 Bf6 39. Rc7 Rb3+ 40.
Kc4 Rxb2 41. Rxa7 Rc2+ 42. Kb5 Rb2+ 43. Kc6 Rc2 44. Ra5 Rd2 45. Kd7 e5 46. c6
exf4 47. exf4 1-0

[Event "España tch División de Honor 2013"]
[Site "Linares ESP"]
[Date "2013.09.13"]
[Round "6.16"]
[White "Rudolf, Anna"]
[Black "Bofill Mas, Alejandro"]
[Result "1/2-1/2"]
[WhiteElo "2308"]
[BlackElo "2353"]
[PlyCount "54"]
[EventDate "2013.09.08"]
[EventType "team-tourn"]
[EventRounds "7"]
[EventCountry "ESP"]
[Source "lmi"]
[SourceDate "2013.09.08"]

1. e4 d6 2. d4 Nf6 3. Nc3 g6 4. f4 Bg7 5. Nf3 c5 6. dxc5 Qa5 7. Qd4 Nc6 8. Bb5
O-O 9. Qa4 Qc7 10. Be3 Bd7 11. Qa3 a5 12. O-O Nb4 13. Qa4 Ng4 14. Bf2 Bxb5 15.
Qxb5 Bxc3 16. bxc3 Nxc2 17. cxd6 exd6 18. Rab1 Nxf2 19. Rxf2 Ne3 20. Re2 Nc4
21. Qd5 b6 22. Nd4 Rac8 23. h3 Rfe8 24. Rb5 Na3 25. Rb3 Nc4 26. Rb5 Na3 27. Rb3
Nc4 1/2-1/2

[Event "España tch División de Honor 2013"]
[Site "Linares ESP"]
[Date "2013.09.13"]
[Round "6.21"]
[White "Nisipeanu, Liviu-Dieter"]
[Black "Sargissian, Gabriel"]
[Result "1/2-1/2"]
[WhiteElo "2665"]
[BlackElo "2671"]
[PlyCount "59"]
[EventDate "2013.09.08"]
[EventType "team-tourn"]
[EventRounds "7"]
[EventCountry "ESP"]
[Source "lmi"]
[SourceDate "2013.09.08"]

1. d4 Nf6 2. c4 e6 3. Nc3 Bb4 4. e3 O-O 5. Bd3 d5 6. Nge2 dxc4 7. Bxc4 c5 8.
O-O cxd4 9. exd4 Nbd7 10. Bf4 Nb6 11. Bb3 Bd7 12. Qd3 Bc6 13. Bg5 Be7 14. Nf4
Re8 15. Rad1 Nfd5 16. Bxe7 Rxe7 17. Nh5 Qc7 18. Qd2 h6 19. Bxd5 Nxd5 20. Nxd5
Bxd5 21. Rc1 Qd6 22. Rc3 f5 23. Rg3 Kh7 24. Re1 Rd8 25. Rh3 g5 26. Nf6+ Kg7 27.
Qe2 Rh8 28. Nxd5 Qxd5 29. Re3 Rhe8 30. Qd3 1/2-1/2

[Event "España tch División de Honor 2013"]
[Site "Linares ESP"]
[Date "2013.09.13"]
[Round "6.22"]
[White "Svetushkin, Dmitry"]
[Black "Negi, Parimarjan"]
[Result "1/2-1/2"]
[WhiteElo "2614"]
[BlackElo "2662"]
[PlyCount "97"]
[EventDate "2013.09.08"]
[EventType "team-tourn"]
[EventRounds "7"]
[EventCountry "ESP"]
[Source "lmi"]
[SourceDate "2013.09.08"]

1. e4 c5 2. Nf3 e6 3. d4 cxd4 4. Nxd4 Nc6 5. Nc3 Qc7 6. Be3 a6 7. Qd2 Nf6 8.
O-O-O Be7 9. f3 b5 10. g4 Nxd4 11. Bxd4 Bb7 12. Bd3 e5 13. Bf2 O-O 14. g5 b4
15. Na4 Nh5 16. Nb6 Rab8 17. Bc4 Bc6 18. Nd5 Bxd5 19. Bxd5 a5 20. Bb3 d6 21.
Be3 Ra8 22. Kb1 a4 23. Bd5 Rac8 24. h4 a3 25. Rh2 axb2 26. f4 Nxf4 27. Bxf4
exf4 28. Qxf4 Qc3 29. h5 Kh8 30. g6 h6 31. gxf7 Bf6 32. Rg2 Qe5 33. Qd2 Rc3 34.
Rg6 Kh7 35. Rdg1 b3 36. axb3 Rh3 37. Qg2 Rxh5 38. Qf3 Rxf7 39. Bxf7 Qa5 40. c3
Qa1+ 41. Kc2 Rh2+ 42. R6g2 Rxg2+ 43. Qxg2 b1=Q+ 44. Rxb1 Qxc3+ 45. Kd1 Qd3+ 46.
Kc1 Bg5+ 47. Kb2 Bf6+ 48. Kc1 Bg5+ 49. Kb2 1/2-1/2

[Event "España tch División de Honor 2013"]
[Site "Linares ESP"]
[Date "2013.09.13"]
[Round "6.23"]
[White "Ganguly, Surya Shekhar"]
[Black "Perez Candelario, Manuel"]
[Result "1/2-1/2"]
[WhiteElo "2630"]
[BlackElo "2569"]
[PlyCount "110"]
[EventDate "2013.09.08"]
[EventType "team-tourn"]
[EventRounds "7"]
[EventCountry "ESP"]
[Source "lmi"]
[SourceDate "2013.09.08"]

1. d4 d5 2. c4 dxc4 3. e4 Nf6 4. e5 Nd5 5. Bxc4 Nb6 6. Bd3 Nc6 7. Ne2 Bg4 8.
Be3 e6 9. Nbc3 Qd7 10. O-O O-O-O 11. a4 a6 12. f3 Bf5 13. Bxf5 exf5 14. Rc1 Be7
15. Qb3 Nd5 16. Nxd5 Qxd5 17. Qc2 Qd7 18. Qc4 Qd5 19. Qc2 Qd7 20. Qc4 Qd5 21.
b3 Rd7 22. Rfd1 Rhd8 23. Qxd5 Rxd5 24. Nf4 Ba3 25. Ra1 Bb2 26. Rab1 Rxd4 27.
Bxd4 Bxd4+ 28. Kf1 Bxe5 29. Rxd8+ Nxd8 30. Nd5 Bd6 31. Rd1 Ne6 32. Nb6+ Kb8 33.
Nc4 Bxh2 34. Rd7 b5 35. axb5 axb5 36. Ne3 g6 37. Rxf7 Ng5 38. Rg7 Bf4 39. Nd5
Bd6 40. f4 Ne6 41. Rxh7 Kb7 42. g3 Kc6 43. Ne7+ Kc5 44. Nxg6 Kb4 45. Nh4 Nd4
46. Rf7 Kxb3 47. Nxf5 Nxf5 48. Rxf5 b4 49. Ke2 Kc2 50. Rd5 b3 51. Rd2+ Kc3 52.
Rd3+ Kc2 53. Rd2+ Kc3 54. Rd3+ Kc2 55. Rd2+ Kc3 1/2-1/2

[Event "España tch División de Honor 2013"]
[Site "Linares ESP"]
[Date "2013.09.13"]
[Round "6.24"]
[White "Antipov, Mikhail Al"]
[Black "Delchev, Aleksander"]
[Result "1-0"]
[WhiteElo "2515"]
[BlackElo "2637"]
[PlyCount "123"]
[EventDate "2013.09.08"]
[EventType "team-tourn"]
[EventRounds "7"]
[EventCountry "ESP"]
[Source "lmi"]
[SourceDate "2013.09.08"]

1. e4 e5 2. Nf3 d6 3. d4 exd4 4. Nxd4 Nf6 5. Nc3 Be7 6. Be2 O-O 7. O-O Re8 8.
f4 Bf8 9. Bf3 c5 10. Nb3 Nc6 11. Re1 Be6 12. Be3 a5 13. Qd2 a4 14. Nc1 a3 15.
b3 Qa5 16. N1e2 Rad8 17. Nd5 Bxd5 18. exd5 Qxd2 19. Bxd2 Nb4 20. Bxb4 cxb4 21.
c3 Rc8 22. cxb4 g5 23. fxg5 Ne4 24. Rac1 Nxg5 25. Rxc8 Rxc8 26. Rc1 Re8 27. Kf2
Re5 28. Nf4 Nxf3 29. Kxf3 Bh6 30. g3 Bxf4 31. gxf4 Rxd5 32. Rc8+ Kg7 33. Ra8
Rb5 34. Rxa3 Rxb4 35. Ra5 b5 36. Ke3 Kf6 37. Kd3 Ke6 38. Kc3 Rxf4 39. Rxb5 Rh4
40. a4 Rxh2 41. a5 f5 42. Rb8 Ra2 43. b4 Kd5 44. Rf8 Ke4 45. Re8+ Kd5 46. Rf8
Ke4 47. Re8+ Kd5 48. Re1 Ra3+ 49. Kb2 Rg3 50. Rc1 f4 51. a6 Rg8 52. Kb3 f3 53.
Ka4 f2 54. b5 Kd4 55. a7 Rg1 56. a8=Q Rxc1 57. Qa7+ Rc5 58. Qf7 Ke3 59. b6 Rc1
60. Qe6+ Kf3 61. Qf5+ Ke2 62. Qe4+ 1-0

[Event "España tch División de Honor 2013"]
[Site "Linares ESP"]
[Date "2013.09.13"]
[Round "6.25"]
[White "Ubilava, Elizbar"]
[Black "Santos Latasa, Jaime"]
[Result "1/2-1/2"]
[WhiteElo "2498"]
[BlackElo "2452"]
[PlyCount "89"]
[EventDate "2013.09.08"]
[EventType "team-tourn"]
[EventRounds "7"]
[EventCountry "ESP"]
[Source "lmi"]
[SourceDate "2013.09.08"]

1. d4 Nf6 2. c4 c5 3. Nf3 cxd4 4. Nxd4 b6 5. f3 Bb7 6. e4 d6 7. Nc3 e6 8. Be2
Be7 9. O-O O-O 10. Be3 a6 11. Qd2 Qc7 12. Rac1 Nbd7 13. Rfe1 Rac8 14. b3 Qb8
15. Bf1 Rfe8 16. Bf2 Qa8 17. Bd3 Bf8 18. Bb1 Qb8 19. h3 g6 20. Bd3 Nc5 21. Bf1
Bg7 22. b4 Ncd7 23. Na4 Ba8 24. Nb2 Nh5 25. Nb3 Red8 26. Rc2 Nhf6 27. Rec1 h6
28. Nd3 Bc6 29. Be3 Kh7 30. Qf2 Ba4 31. Nb2 Bc6 32. Nd3 Ba4 33. Nb2 Bc6 34. c5
dxc5 35. Bxa6 Bb7 36. Bxb7 Qxb7 37. bxc5 Nxc5 38. Nxc5 bxc5 39. Na4 Nd7 40.
Nxc5 Nxc5 41. Rxc5 Rxc5 42. Bxc5 Qc6 43. Be3 Qa4 44. Qc2 Qa3 45. Qb3 1/2-1/2

[Event "España tch División de Honor 2013"]
[Site "Linares ESP"]
[Date "2013.09.13"]
[Round "6.26"]
[White "Moreno Tejera, Emilio"]
[Black "De la Villa Garcia, Jesus Maria"]
[Result "1/2-1/2"]
[WhiteElo "2394"]
[BlackElo "2477"]
[PlyCount "59"]
[EventDate "2013.09.08"]
[EventType "team-tourn"]
[EventRounds "7"]
[EventCountry "ESP"]
[Source "lmi"]
[SourceDate "2013.09.08"]

1. e4 c6 2. d4 d5 3. Nc3 dxe4 4. Nxe4 Nd7 5. Bc4 Ngf6 6. Ng5 e6 7. Qe2 Nb6 8.
Bd3 h6 9. N5f3 c5 10. dxc5 Na4 11. Ne5 Nxc5 12. Bb5+ Bd7 13. Nxd7 Nfxd7 14. Nf3
a6 15. Bxd7+ Nxd7 16. O-O Qc7 17. c4 Be7 18. b3 O-O 19. Bb2 Bf6 20. Bxf6 Nxf6
21. Ne5 Rad8 22. Rad1 Rxd1 23. Rxd1 Rd8 24. Rxd8+ Qxd8 25. h3 Qc7 26. Qe3 Nd7
27. Nxd7 Qxd7 28. g3 f6 29. h4 Kf7 30. Qe4 1/2-1/2

[Event "España tch División de Honor 2013"]
[Site "Linares ESP"]
[Date "2013.09.13"]
[Round "6.31"]
[White "Navara, David"]
[Black "Bacrot, Etienne"]
[Result "1/2-1/2"]
[WhiteElo "2715"]
[BlackElo "2723"]
[PlyCount "97"]
[EventDate "2013.09.08"]
[EventType "team-tourn"]
[EventRounds "7"]
[EventCountry "ESP"]
[Source "lmi"]
[SourceDate "2013.09.08"]

1. e4 e5 2. Nf3 Nc6 3. Bb5 Nf6 4. O-O Nxe4 5. d4 Nd6 6. Bxc6 dxc6 7. dxe5 Nf5
8. Qxd8+ Kxd8 9. h3 Ke8 10. Nc3 h5 11. Rd1 Be7 12. Ne2 b6 13. Bg5 Bb7 14. Nf4
f6 15. Ng6 Rg8 16. Nfh4 Bc8 17. exf6 Bxf6 18. Re1+ Kf7 19. Ne5+ Bxe5 20. Rxe5
Re8 21. Rae1 Rxe5 22. Rxe5 Nxh4 23. Re7+ Kg8 24. Bxh4 Bf5 25. Bg3 Bxc2 26. Be5
g6 27. Rxc7 c5 28. Kh2 Re8 29. f4 Rd8 30. Bc3 Re8 31. g4 h4 32. Be5 Rd8 33.
Rxa7 Rd2+ 34. Kg1 Rd3 35. Kf2 Rxh3 36. f5 gxf5 37. g5 Be4 38. g6 f4 39. Rg7+
Kf8 40. Rf7+ Kg8 41. Rg7+ Kf8 42. Rf7+ Ke8 43. Rxf4 Bxg6 44. Rf6 Bf7 45. Rxb6
Bxa2 46. Rc6 c4 47. Re6+ Kd7 48. Rd6+ Kc8 49. Rh6 1/2-1/2